Логика : (Record no. 330139)
[ view plain ]
| 000 -LEADER | |
|---|---|
| fixed length control field | 00636nam a2200193 a 4500 |
| 001 - CONTROL NUMBER | |
| control field | 000997338 |
| 003 - CONTROL NUMBER IDENTIFIER | |
| control field | AM-YeHGA |
| 005 - DATE AND TIME OF LATEST TRANSACTION | |
| control field | 20250617150409.0 |
| 008 - FIXED-LENGTH DATA ELEMENTS--GENERAL INFORMATION | |
| fixed length control field | 131219s1916 ru r 000 0 rus d |
| 040 ## - CATALOGING SOURCE | |
| Original cataloging agency | AM-YeHGA |
| 041 0# - LANGUAGE CODE | |
| Language code of text/sound track or separate title | rus |
| 090 ## - LOCALLY ASSIGNED LC-TYPE CALL NUMBER (OCLC); LOCAL CALL NUMBER (RLIN) | |
| -- | 331897 |
| 100 1# - MAIN ENTRY--PERSONAL NAME | |
| Personal name | Поварнин, Сергей Иннокентьевич |
| 245 10 - TITLE STATEMENT | |
| Title | Логика : |
| Remainder of title | Общее учение о доказательствах / |
| Statement of responsibility, etc. | С.И. Поаврнин |
| 260 ## - PUBLICATION, DISTRIBUTION, ETC. | |
| Place of publication, distribution, etc. | Петроград : |
| Name of publisher, distributor, etc. | Тип. акц.общ. типграфского дело,7 рота, 26, |
| Date of publication, distribution, etc. | 1916. |
| 300 ## - PHYSICAL DESCRIPTION | |
| Extent | 206 с |
| 650 14 - SUBJECT ADDED ENTRY--TOPICAL TERM | |
| Topical term or geographic name entry element | Логика |
| 942 ## - ADDED ENTRY ELEMENTS (KOHA) | |
| Source of classification or shelving scheme | Universal Decimal Classification |
| Koha item type | Գրքեր / Books |
| Withdrawn status | Lost status | Source of classification or shelving scheme | Damaged status | Not for loan | Collection | Home library | Current library | Date acquired | Total checkouts | Full call number | Barcode | Date last seen | Price effective from | Koha item type | Public note |
|---|---|---|---|---|---|---|---|---|---|---|---|---|---|---|---|
| Universal Decimal Classification | Hambardzumyan Individual Collection | Fundamental Scientific Library | Fundamental Scientific Library | 09/01/2017 | Amb/1054 | FL0277522 | 09/01/2017 | 09/01/2017 | Գրքեր / Books | ILL Non-Circ. |
ՀՀ Գիտությունների ազգային ակադեմիայի հիմնարար գիտական գրադարան = Fundamental Scientific Library of NAS RA
All site content, except where otherwise noted, is licensed under a